Promises and realities : (Record no. 4080)

MARC details
000 -LEADER
fixed length control field 01549cam a22003854a 4500
001 - CONTROL NUMBER
control field 15648917
003 - CONTROL NUMBER IDENTIFIER
control field OSt
005 - DATE AND TIME OF LATEST TRANSACTION
control field 20250131135031.0
008 - FIXED-LENGTH DATA ELEMENTS--GENERAL INFORMATION
fixed length control field 090306s2009 ke a b 000 0 eng
010 ## - LIBRARY OF CONGRESS CONTROL NUMBER
LC control number 2009349193
020 ## - INTERNATIONAL STANDARD BOOK NUMBER
International Standard Book Number 9966411518
040 ## - CATALOGING SOURCE
Original cataloging agency DLC
Transcribing agency DLC
Modifying agency DLC
042 ## - AUTHENTICATION CODE
Authentication code lcode
043 ## - GEOGRAPHIC AREA CODE
Geographic area code f------
050 00 - LIBRARY OF CONGRESS CALL NUMBER
Classification number HQ1788
Item number .P76 2009
082 ## - DEWEY DECIMAL CLASSIFICATION NUMBER
Classification number 306.76
Item number RUT
245 00 - TITLE STATEMENT
Title Promises and realities :
Remainder of title taking stock of the 3rd UN International Women's Conference /
Statement of responsibility, etc. Sara J. Ruto, Patricia Kameri-Mbote, Jacinta Muteshi-Strachan (eds.).
246 14 - VARYING FORM OF TITLE
Title proper/short title Promises & realities
260 ## - PUBLICATION, DISTRIBUTION, ETC. (IMPRINT)
Place of publication, distribution, etc. Nairobi :
Name of publisher, distributor, etc. African Centre for Technology Studies :
-- African Woman and Child Feature Service,
Date of publication, distribution, etc. 2009.
300 ## - PHYSICAL DESCRIPTION
Extent xiv, 229 p. :
Other physical details ill. ;
Dimensions 25 cm. +
Accompanying material 1 CD-ROM.
504 ## - BIBLIOGRAPHY, ETC. NOTE
Bibliography, etc Includes bibliographical references.
611 20 - SUBJECT ADDED ENTRY--MEETING NAME
Meeting name or jurisdiction name as entry element World Conference to Review and Appraise the Achievements of the United Nations Decade for Women
Date of meeting (1985 :
Location of meeting Nairobi, Kenya)
650 #0 - SUBJECT ADDED ENTRY--TOPICAL TERM
Topical term or geographic name as entry element Women
Geographic subdivision Africa
General subdivision Social conditions.
650 #0 - SUBJECT ADDED ENTRY--TOPICAL TERM
Topical term or geographic name as entry element Women's rights
Geographic subdivision Africa.
650 #0 - SUBJECT ADDED ENTRY--TOPICAL TERM
Topical term or geographic name as entry element Women in development
Geographic subdivision Africa.
700 1# - ADDED ENTRY--PERSONAL NAME
Personal name Ruto, Sara Jerop.
700 1# - ADDED ENTRY--PERSONAL NAME
Personal name Kameri-Mbote, Patricia.
700 1# - ADDED ENTRY--PERSONAL NAME
Personal name Muteshi, Jacinta.
710 2# - ADDED ENTRY--CORPORATE NAME
Corporate name or jurisdiction name as entry element African Centre for Technology Studies.
710 2# - ADDED ENTRY--CORPORATE NAME
Corporate name or jurisdiction name as entry element African Women and Child Feature Service.
856 41 - ELECTRONIC LOCATION AND ACCESS
Materials specified Table of contents only
Uniform Resource Identifier <a href="http://www.loc.gov/catdir/toc/fy1001/2009349193.html">http://www.loc.gov/catdir/toc/fy1001/2009349193.html</a>
906 ## - LOCAL DATA ELEMENT F, LDF (RLIN)
a 7
b cbc
c origode
d 3
e ncip
f 20
g y-gencatlg
942 ## - ADDED ENTRY ELEMENTS (KOHA)
Source of classification or shelving scheme Dewey Decimal Classification
Koha item type Books
Holdings
Withdrawn status Lost status Source of classification or shelving scheme Damaged status Not for loan Home library Current library Date acquired Total Checkouts Full call number Barcode Date last seen Price effective from Koha item type
    Dewey Decimal Classification     Bunge Tower Library Bunge Tower Library 01/31/2025   306.76 RUT 2025/0037 01/31/2025 01/31/2025 Books
LIBRARY OPENING HOURS

When the Parliament is sitting: 8.00a.m - 7.00p.m or until the house adjourns
Mondays and Fridays and when the House is on Recess:  8.00a.m - 5.00p.m
Closed on Weekends and Public Holidays

Online Public Access Catalog (OPAC)
Website: http://www.parliament.go.ke
Bunge Library: https://libraryir.parliament.go.ke
Contact: library@parliament.go.ke | Tel no: (254-2)2221291 or 2848000 Ext 5043